000 00355 a2200157 4500
001 61987
020 _a9788560619085
040 _cAnchieta - Pituba
100 _aNaeher, Julius
240 1 0 _aExcursões na província da Bahia
_lpor
245 1 0 _aExcursões na província da Bahia
300 _a223
362 0 _a2011
650 4 _aBahia
942 _cBK
999 _c61987
_d61987